000 00648nam a2200229Ia 4500
008 220204s9999 xx 000 0 und d
082 _a581.19
_bREC.16
100 _aCreasy, Leroy L
245 0 _aRecent advances in phytochemistry. V 16. Cellular and subcellular localization in plant metabolism
260 _aNew York
_bPlenum
_c1982
650 _aC4 leaf metabolism
650 _aChloroplast
650 _aCyanogenic glycosides
650 _aMetabolism
650 _aMicrotubules
650 _aPhytochemistry
650 _aPlant cell
650 _aPlant peroxisome
650 _aVacuole
700 _aHrazdina, Geza
942 _cBK
999 _c39122
_d39122